000 00635nam a22001937a 4500
999 _c14898
_d14898
003 AR-CdUCM
008 190425b ||||| |||| 00| 0 spa d
020 _a978-607-404-818-6
040 _aMUNICIPALIDAD PROVINCIAL DEL CUSCO
_cBIBLIOTECA MUNICIPAL DEL CUSCO
082 _aPI / 376.1 /
_bS55
110 _aRovio entertainment
_933862
245 _aAndry birds :
_ben el espacio colores /
260 _aMexico :
_bRovio books,
_c2012.
300 _a8 páginas ;
_bIlustraciones,
_c17 cm.
650 _aLiteratura infantil
_9588
700 _aCaballero, Samantha (traducción)
_924667
942 _2ddc
_cLIBROS
945 _aacv
_d2019-04-25